Spell the Marvel Character #410 - Statistics

General Stats
  • This quiz has been taken 12 times
  • The average score is 5 of 7
Answer Stats
Picture Answer % Correct
Rocket Raccoon
100%
Angel
92%
Arana
83%
Omega
75%
U-Go Girl
67%
Aurora
58%
Rom the Spaceknight
58%
No matching quizzes found
Score Distribution
Percent of People with Each Score
Percentile by Number Answered
Your Score History
You have not taken this quiz